000
00303nam a22001337a 4500
008
170209b xxu||||| |||| 00| 0 eng d
020
_a
0812109023
041
_a
eng
080
_a
61
100
_a
4
101
_a
SHM
245
_a
A PRACTICAL HANDBOOK JOINT FLUID ANALYSIS
_c
GATTER.A
942
_2
udc
_c
BK
999
_c
5009
_d
5009